European Union (Redux) Quiz Stats

 Plays Quiz Updated Jan 31, 2020

     
Support Sporcle.
Go Orange.
Score 0/27 Timer 03:00
30 Plays Today
% Correct
???
53%
???
52.9%
???
52.2%
???
51.9%
???
49.1%
???
48.8%
???
48.7%
???
48.7%
???
46.7%
???
46.1%
???
45.5%
???
44.9%
???
40.6%
???
39.3%
% Correct
???
38%
???
37.5%
???
35.6%
???
33.9%
???
32.5%
???
32.3%
???
32.1%
???
31.9%
???
31.1%
???
30.9%
???
29.3%
???
27.5%
???
26.4%

From the Vault

15 Seconds: Mount Rushmore Presidents

by Flick

History 15s
15 seconds? I guess that means you'll have to rush more.
Remove Ads.
Support Sporcle.
Get the best of Sporcle when you Go Orange. This ad-free experience offers more features, more stats, and more fun while also helping to support Sporcle. Thank you for becoming a member.

Show Comments

Extras

Top Quizzes Today


Score Distribution

Your Account Isn't Verified!

In order to create a playlist on Sporcle, you need to verify the email address you used during registration. Go to your Sporcle Settings to finish the process.

Report this User

Report this user for behavior that violates our Community Guidelines.

Details: